[Event "Icelandic Team-ch Premier 2021-22"]
[Site "Reykjavik"]
[Date "2022.03.05"]
[Round "9.12"]
[White "Thorhallsson, Throstur"]
[Black "Ornolfsson, Magnus P."]
[Result "1-0"]
[WhiteElo "2414"]
[BlackElo "2163"]
[Annotator "ChessBase"]
[PlyCount "91"]
[EventDate "2022.03.05"]
[EventType "team-tourn"]
[EventCountry "ISL"]
[SourceTitle "playchess.com"]
[Source "ChessBase"]
[SourceQuality "1"]
[TimeControl "5400+30"]

1. d4 {[%emt 0:00:12]} Nf6 {[%emt 0:00:37]} 2. Nf3 {[%emt 0:00:58]} e6 {[%emt 0:00:27]} 3. g3 {[%emt 0:01:27]} b5 {[%emt 0:00:41]} 4. Bg2 {[%emt 0:00:33]} Bb7 {[%emt 0:00:07]} 5. O-O {[%emt 0:00:39]} Be7 {[%emt 0:00:38]} 6. Nbd2 {[%emt 0:02:52]} O-O {[%emt 0:00:56]} 7. c4 {[%emt 0:01:02]} b4 {[%emt 0:05:56]} 8. Qc2 {[%emt 0:03:37]} c5 {[%emt 0:03:29]} 9. e4 {[%emt 0:10:42]} cxd4 {[%emt 0:05:45]} 10. e5 {[%emt 0:03:28]} Ne8 {[%emt 0:01:57]} 11. Ng5 {[%emt 0:02:45]} Bxg5 {[%emt 0:01:00]} 12. Bxb7 {[%emt 0:00:05]} Nc6 {[%emt 0:00:52]} 13. Bxa8 {[%emt 0:03:17]} Qxa8 {[%emt 0:00:29]} 14. f4 {[%emt 0:02:30]} Be7 {[%emt 0:00:24]} 15. Nf3 {[%emt 0:00:19]} Bc5 {[%emt 0:03:45]} 16. Qd3 {[%emt 0:01:52]} f6 {[%emt 0:03:28]} 17. exf6 {[%emt 0:10:02]} Nxf6 {[%emt 0:01:19]} 18. Bd2 {[%emt 0:00:14]} a5 {[%emt 0:07:12]} 19. Rae1 {[%emt 0:02:17]} Qe8 {[%emt 0:10:02]} 20. Kg2 {[%emt 0:03:44]} h6 {[%emt 0:08:45]} 21. Re2 {[%emt 0:06:46]} Ng4 {[%emt 0:03:40]} 22. h3 {[%emt 0:01:00]} Ne3+ {[%emt 0:02:32]} 23. Bxe3 {[%emt 0:00:09]} dxe3 {[%emt 0:00:05]} 24. Rd1 {[%emt 0:01:16]} d6 {[%emt 0:02:01]} 25. Qe4 {[%emt 0:01:06]} a4 {[%emt 0:07:26]} 26. Rd3 {[%emt 0:06:32]} Rf6 {[%emt 0:10:45]} 27. Rd1 {[%emt 0:08:11]} Rf8 {[%emt 0:02:48]} 28. Rd3 {[%emt 0:09:13]} Rf6 {[%emt 0:00:31]} 29. Nh2 {[%emt 0:00:50]} e5 {[%emt 0:11:17]} 30. Ng4 {[%emt 0:00:43]} Re6 {[%emt 0:00:15]} 31. f5 {[%emt 0:01:25]} Re7 {[%emt 0:00:11]} 32. f6 {[%emt 0:04:31]} Rc7 {[%emt 0:01:45]} 33. fxg7 {[%emt 0:01:09]} Kxg7 {[%emt 0:00:24]} 34. Nxe3 {[%emt 0:00:22]} Ne7 {[%emt 0:01:51]} 35. b3 {[%emt 0:02:08]} axb3 {[%emt 0:00:56]} 36. axb3 {[%emt 0:00:05]} Ra7 {[%emt 0:00:45]} 37. h4 {[%emt 0:01:25]} Qg6 {[%emt 0:01:20]} 38. Qxg6+ {[%emt 0:02:28]} Kxg6 {[%emt 0:00:16]} 39. Kf3 {[%emt 0:01:14]} h5 {[%emt 0:01:11]} 40. Ke4 {[%emt 0:00:39]} Ra1 {[%emt 0:00:25]} 41. Red2 {[%emt 0:00:46]} Re1 {[%emt 0:01:14]} 42. Rxd6+ {[%emt 0:01:11]} Bxd6 {[%emt 0:00:07]} 43. Rxd6+ {[%emt 0:00:04]} Kf7 {[%emt 0:00:23]} 44. Rb6 {[%emt 0:00:32]} Rg1 {[%emt 0:00:20]} 45. Rxb4 {[%emt 0:00:17]} Rxg3 {[%emt 0:00:18]} 46. Rb7 {[%emt 0:00:08]} 1-0

[Event "Icelandic Team-ch Premier 2021-22"]
[Site "Reykjavik"]
[Date "2022.03.05"]
[Round "9.13"]
[White "Ingvason, Johann"]
[Black "Thorsteins, Karl"]
[Result "0-1"]
[WhiteElo "2183"]
[BlackElo "2403"]
[Annotator "ChessBase"]
[PlyCount "102"]
[EventDate "2022.03.05"]
[EventType "team-tourn"]
[EventCountry "ISL"]
[SourceTitle "playchess.com"]
[Source "ChessBase"]
[SourceQuality "1"]
[TimeControl "5400+30"]

1. e4 {[%emt 0:00:03]} d6 {[%emt 0:03:23]} 2. d4 {[%emt 0:00:08]} Nf6 {[%emt 0:00:06]} 3. Bd3 {[%emt 0:00:09]} e5 {[%emt 0:00:47]} 4. Ne2 {[%emt 0:00:19]} g6 {[%emt 0:02:27]} 5. d5 {[%emt 0:00:17]} Bg7 {[%emt 0:00:11]} 6. Ng3 {[%emt 0:00:19]} h5 {[%emt 0:01:51]} 7. c4 {[%emt 0:02:04]} Na6 {[%emt 0:01:47]} 8. Nc3 {[%emt 0:00:28]} c6 {[%emt 0:04:53]} 9. h3 {[%emt 0:06:00]} Nc5 {[%emt 0:10:05]} 10. Bc2 {[%emt 0:00:09]} a5 {[%emt 0:00:47]} 11. Be3 {[%emt 0:02:31]} cxd5 {[%emt 0:00:37]} 12. cxd5 {[%emt 0:00:00]} Bh6 {[%emt 0:12:03]} 13. Bxh6 {[%emt 0:13:13]} Rxh6 {[%emt 0:02:12]} 14. Qd2 {[%emt 0:00:11]} Rh8 {[%emt 0:00:22]} 15. f4 {[%emt 0:01:05]} h4 {[%emt 0:21:47]} 16. fxe5 {[%emt 0:15:58]} dxe5 {[%emt 0:04:23]} 17. Nge2 {[%emt 0:00:28]} b5 {[%emt 0:08:18]} 18. Nxb5 {[%emt 0:17:15]} Rb8 {[%emt 0:00:39]} 19. Nec3 {[%emt 0:01:23]} Nfxe4 {[%emt 0:01:47]} 20. Bxe4 {[%emt 0:01:59]} Nxe4 {[%emt 0:00:08]} 21. Nxe4 {[%emt 0:02:46]} Rxb5 {[%emt 0:00:07]} 22. O-O {[%emt 0:01:08]} Bf5 {[%emt 0:04:56]} 23. Nc3 {[%emt 0:00:23]} Rb4 {[%emt 0:01:13]} 24. Rae1 {[%emt 0:00:18]} f6 {[%emt 0:00:21]} 25. a3 {[%emt 0:04:28]} Qb6+ {[%emt 0:03:18]} 26. Rf2 {[%emt 0:00:29]} Rd4 {[%emt 0:00:14]} 27. Qe3 {[%emt 0:00:24]} Kf7 {[%emt 0:00:22]} 28. Ne2 {[%emt 0:04:58]} Rb4 {[%emt 0:00:17]} 29. Nc3 {[%emt 0:01:28]} Qxe3 {[%emt 0:01:15]} 30. Rxe3 {[%emt 0:00:04]} Rd4 {[%emt 0:00:13]} 31. Ree2 {[%emt 0:02:47]} Rd8 {[%emt 0:01:18]} 32. Rd2 {[%emt 0:00:53]} Bd3 {[%emt 0:00:54]} 33. Rf3 {[%emt 0:08:05]} Bc4 {[%emt 0:00:23]} 34. Rdf2 {[%emt 0:00:07]} f5 {[%emt 0:00:15]} 35. Re3 {[%emt 0:00:06]} Re8 {[%emt 0:02:40]} 36. Re4 {[%emt 0:03:56]} Kg7 {[%emt 0:00:40]} 37. Re1 {[%emt 0:01:33]} Bxd5 {[%emt 0:00:13]} 38. Nb5 {[%emt 0:00:14]} Rd3 {[%emt 0:00:43]} 39. Rc1 {[%emt 0:01:56]} Re7 {[%emt 0:01:02]} 40. Re2 {[%emt 0:00:41]} e4 {[%emt 0:00:19]} 41. Rc5 {[%emt 0:00:04]} Bb3 {[%emt 0:02:00]} 42. Nc3 {[%emt 0:00:27]} a4 {[%emt 0:00:13]} 43. Kf2 {[%emt 0:01:15]} Red7 {[%emt 0:01:11]} 44. Ra5 {[%emt 0:01:07]} R3d4 {[%emt 0:00:23]} 45. Ke3 {[%emt 0:02:43]} Bc4 {[%emt 0:01:29]} 46. Rf2 {[%emt 0:01:37]} Rd3+ {[%emt 0:00:41]} 47. Kf4 {[%emt 0:00:11]} Kf6 {[%emt 0:00:20]} 48. Nxe4+ {[%emt 0:00:43]} fxe4 {[%emt 0:00:08]} 49. Kxe4+ {[%emt 0:00:04]} Kg7 {[%emt 0:00:12]} 50. Rxa4 {[%emt 0:04:31]} Bb5 {[%emt 0:00:58]} 51. b3 {[%emt 0:02:03]} Bc6+ {[%emt 0:00:22]} 0-1

[Event "Icelandic Team-ch Premier 2021-22"]
[Site "Reykjavik"]
[Date "2022.03.05"]
[Round "9.14"]
[White "Jacobsen, Mikkel Manosri"]
[Black "Halldorsson, Gudmundur"]
[Result "1-0"]
[WhiteElo "2240"]
[BlackElo "2142"]
[Annotator "ChessBase"]
[PlyCount "65"]
[EventDate "2022.03.05"]
[EventType "team-tourn"]
[EventCountry "ISL"]
[SourceTitle "playchess.com"]
[Source "ChessBase"]
[SourceQuality "1"]
[TimeControl "5400+30"]

1. d4 {[%emt 0:00:04]} Nf6 {[%emt 0:00:21]} 2. Nf3 {[%emt 0:00:09]} d5 {[%emt 0:00:22]} 3. c4 {[%emt 0:00:07]} e6 {[%emt 0:00:45]} 4. e3 {[%emt 0:00:07]} a6 {[%emt 0:01:59]} 5. b3 {[%emt 0:00:05]} Nbd7 {[%emt 0:02:35]} 6. Bd3 {[%emt 0:00:19]} b6 {[%emt 0:00:40]} 7. O-O {[%emt 0:00:08]} Bb7 {[%emt 0:00:26]} 8. Bb2 {[%emt 0:00:17]} Bd6 {[%emt 0:00:31]} 9. Qe2 {[%emt 0:00:47]} O-O {[%emt 0:01:10]} 10. Rd1 {[%emt 0:02:03]} Qe7 {[%emt 0:08:25]} 11. Ne5 {[%emt 0:00:19]} Rfd8 {[%emt 0:04:39]} 12. Nd2 {[%emt 0:03:00]} Ne4 {[%emt 0:12:36]} 13. Nf1 {[%emt 0:00:28]} Nxe5 {[%emt 0:20:40]} 14. dxe5 {[%emt 0:00:32]} Ba3 {[%emt 0:00:00]} 15. cxd5 {[%emt 0:07:33]} Bxd5 {[%emt 0:03:50]} 16. Bxa3 {[%emt 0:00:39]} Qxa3 {[%emt 0:00:11]} 17. Qc2 {[%emt 0:00:33]} Nc5 {[%emt 0:04:26]} 18. Bxh7+ {[%emt 0:01:30]} Kf8 {[%emt 0:00:11]} 19. Ng3 {[%emt 0:04:30]} a5 {[%emt 0:03:15]} 20. Be4 {[%emt 0:03:39]} Nxe4 {[%emt 0:05:00]} 21. Nxe4 {[%emt 0:00:07]} Qe7 {[%emt 0:00:19]} 22. Nc3 {[%emt 0:06:43]} Bb7 {[%emt 0:01:39]} 23. Nb5 {[%emt 0:02:59]} c5 {[%emt 0:06:18]} 24. Nd6 {[%emt 0:06:31]} Bc6 {[%emt 0:01:05]} 25. f4 {[%emt 0:00:55]} Kg8 {[%emt 0:00:37]} 26. Rd2 {[%emt 0:01:47]} f6 {[%emt 0:07:02]} 27. exf6 {[%emt 0:03:56]} Qxf6 {[%emt 0:00:10]} 28. Rad1 {[%emt 0:01:01]} Bd5 {[%emt 0:08:57]} 29. Nc4 {[%emt 0:01:29]} Bxc4 {[%emt 0:04:32]} 30. Qxc4 {[%emt 0:00:36]} Kf8 {[%emt 0:00:34]} 31. Rxd8+ {[%emt 0:03:34]} Rxd8 {[%emt 0:00:08]} 32. Rxd8+ {[%emt 0:00:09]} Qxd8 {[%emt 0:00:05]} 33. Qxe6 {[%emt 0:00:16]} 1-0

[Event "Icelandic Team-ch Premier 2021-22"]
[Site "Reykjavik"]
[Date "2022.03.05"]
[Round "9.15"]
[White "Briem, Stephan"]
[Black "Johannesson, Ingvar Thor"]
[Result "1/2-1/2"]
[WhiteElo "2039"]
[BlackElo "2315"]
[Annotator "ChessBase"]
[PlyCount "33"]
[EventDate "2022.03.05"]
[EventType "team-tourn"]
[EventCountry "ISL"]
[SourceTitle "playchess.com"]
[Source "ChessBase"]
[SourceQuality "1"]
[TimeControl "5400+30"]

1. d4 {[%emt 0:00:06]} Nf6 {[%emt 0:00:11]} 2. Nf3 {[%emt 0:00:36]} g6 {[%emt 0:06:39]} 3. c4 {[%emt 0:01:14]} Bg7 {[%emt 0:00:34]} 4. e3 {[%emt 0:00:38]} O-O {[%emt 0:01:27]} 5. Be2 {[%emt 0:00:06]} b6 {[%emt 0:07:03]} 6. O-O {[%emt 0:01:40]} Bb7 {[%emt 0:00:09]} 7. b4 {[%emt 0:08:58]} d6 {[%emt 0:14:19]} 8. Bb2 {[%emt 0:03:30]} Nbd7 {[%emt 0:06:18]} 9. Nbd2 {[%emt 0:07:19]} Re8 {[%emt 0:28:20]} 10. a4 {[%emt 0:08:54]} e5 {[%emt 0:07:23]} 11. Nb3 {[%emt 0:06:42]} exd4 {[%emt 0:01:55]} 12. exd4 {[%emt 0:04:47]} Ne4 {[%emt 0:00:41]} 13. Qc2 {[%emt 0:01:59]} c5 {[%emt 0:11:41]} 14. bxc5 {[%emt 0:11:56]} dxc5 {[%emt 0:00:18]} 15. d5 {[%emt 0:01:51]} Bxb2 {[%emt 0:02:06]} 16. Qxb2 {[%emt 0:00:48]} Qf6 {[%emt 0:00:51]} 17. Qxf6 {[%emt 0:02:14]} 1/2-1/2

[Event "Icelandic Team-ch Premier 2021-22"]
[Site "Reykjavik"]
[Date "2022.03.05"]
[Round "9.16"]
[White "Omarsson, Dadi"]
[Black "Johannsson, Birkir Isak"]
[Result "0-1"]
[WhiteElo "2212"]
[BlackElo "2103"]
[Annotator "ChessBase"]
[PlyCount "68"]
[EventDate "2022.03.05"]
[EventType "team-tourn"]
[EventCountry "ISL"]
[SourceTitle "playchess.com"]
[Source "ChessBase"]
[SourceQuality "1"]
[TimeControl "5400+30"]

1. e4 {[%emt 0:00:04]} c5 {[%emt 0:01:54]} 2. Nf3 {[%emt 0:00:06]} d6 {[%emt 0:00:11]} 3. d4 {[%emt 0:00:04]} cxd4 {[%emt 0:00:07]} 4. Nxd4 {[%emt 0:00:03]} Nf6 {[%emt 0:00:10]} 5. Nc3 {[%emt 0:00:02]} a6 {[%emt 0:00:06]} 6. Be3 {[%emt 0:00:24]} e6 {[%emt 0:00:11]} 7. f3 {[%emt 0:00:05]} h5 {[%emt 0:00:29]} 8. Bc4 {[%emt 0:05:43]} Qc7 {[%emt 0:02:46]} 9. Bb3 {[%emt 0:08:24]} Nbd7 {[%emt 0:02:40]} 10. Bg5 {[%emt 0:09:52]} Nc5 {[%emt 0:05:32]} 11. Qe2 {[%emt 0:16:02]} Be7 {[%emt 0:08:29]} 12. f4 {[%emt 0:15:54]} b5 {[%emt 0:35:32]} 13. a3 {[%emt 0:16:04]} Bb7 {[%emt 0:05:29]} 14. f5 {[%emt 0:02:42]} Nxb3 {[%emt 0:17:35]} 15. cxb3 {[%emt 0:01:19]} Qc5 {[%emt 0:06:46]} 16. Be3 {[%emt 0:04:40]} Ng4 {[%emt 0:01:48]} 17. Bg1 {[%emt 0:01:47]} Qe5 {[%emt 0:01:58]} 18. fxe6 {[%emt 0:01:31]} fxe6 {[%emt 0:00:18]} 19. Nf3 {[%emt 0:00:15]} Qf4 {[%emt 0:01:33]} 20. Nxb5 {[%emt 0:08:38]} Rc8 {[%emt 0:01:35]} 21. Nc3 {[%emt 0:01:22]} O-O {[%emt 0:00:20]} 22. Bd4 {[%emt 0:00:41]} Nf6 {[%emt 0:03:12]} 23. Nd2 {[%emt 0:04:19]} Rf7 {[%emt 0:02:25]} 24. Be3 {[%emt 0:01:02]} Qg4 {[%emt 0:00:23]} 25. Qxg4 {[%emt 0:01:00]} Nxg4 {[%emt 0:00:03]} 26. Bd4 {[%emt 0:00:20]} Bg5 {[%emt 0:00:07]} 27. Nc4 {[%emt 0:00:36]} Rd8 {[%emt 0:00:50]} 28. Ke2 {[%emt 0:00:53]} d5 {[%emt 0:00:12]} 29. exd5 {[%emt 0:00:06]} exd5 {[%emt 0:00:07]} 30. Nd2 {[%emt 0:00:30]} Re8+ {[%emt 0:00:34]} 31. Kd1 {[%emt 0:00:47]} Nf2+ {[%emt 0:00:24]} 32. Bxf2 {[%emt 0:00:12]} Rxf2 {[%emt 0:00:01]} 33. Nf3 {[%emt 0:00:07]} d4 {[%emt 0:00:41]} 34. Nxg5 {[%emt 0:01:18]} dxc3 {[%emt 0:00:55]} 0-1

[Event "Icelandic Team-ch Premier 2021-22"]
[Site "Reykjavik"]
[Date "2022.03.05"]
[Round "9.17"]
[White "Gretarsson, Hjorvar Steinn"]
[Black "Hjartarson, Johann"]
[Result "0-1"]
[WhiteElo "2548"]
[BlackElo "2470"]
[Annotator "ChessBase"]
[PlyCount "108"]
[EventDate "2022.03.05"]
[EventType "team-tourn"]
[EventCountry "ISL"]
[SourceTitle "playchess.com"]
[Source "ChessBase"]
[SourceQuality "1"]
[TimeControl "5400+30"]

1. c4 {[%emt 0:00:55]} e5 {[%emt 0:02:22]} 2. g3 {[%emt 0:00:00]} Nf6 {[%emt 0:00:51]} 3. Bg2 {[%emt 0:00:00]} d5 {[%emt 0:00:24]} 4. cxd5 {[%emt 0:00:00]} Nxd5 {[%emt 0:00:08]} 5. Nf3 {[%emt 0:00:06]} Nc6 {[%emt 0:00:15]} 6. O-O {[%emt 0:00:26]} Nb6 {[%emt 0:03:05]} 7. b3 {[%emt 0:02:27]} Be7 {[%emt 0:01:05]} 8. Bb2 {[%emt 0:01:58]} f6 {[%emt 0:00:15]} 9. Nc3 {[%emt 0:01:37]} O-O {[%emt 0:00:29]} 10. Rc1 {[%emt 0:07:13]} a5 {[%emt 0:14:13]} 11. d3 {[%emt 0:07:12]} Be6 {[%emt 0:02:07]} 12. Nd2 {[%emt 0:06:50]} Qd7 {[%emt 0:00:52]} 13. Nc4 {[%emt 0:04:35]} Rfd8 {[%emt 0:02:45]} 14. Nxb6 {[%emt 0:10:24]} cxb6 {[%emt 0:00:22]} 15. Na4 {[%emt 0:02:11]} Ra6 {[%emt 0:01:09]} 16. Qc2 {[%emt 0:06:59]} Nb4 {[%emt 0:03:57]} 17. Qb1 {[%emt 0:04:52]} Bh3 {[%emt 0:06:22]} 18. Bxh3 {[%emt 0:02:18]} Qxh3 {[%emt 0:00:11]} 19. Rfd1 {[%emt 0:10:45]} b5 {[%emt 0:06:03]} 20. Nc5 {[%emt 0:03:32]} Bxc5 {[%emt 0:01:02]} 21. Rxc5 {[%emt 0:00:11]} f5 {[%emt 0:00:26]} 22. Bxe5 {[%emt 0:02:53]} Rh6 {[%emt 0:00:40]} 23. g4 {[%emt 0:05:11]} Qxg4+ {[%emt 0:01:27]} 24. Kf1 {[%emt 0:03:37]} f4 {[%emt 0:01:41]} 25. d4 {[%emt 0:02:14]} Rxh2 {[%emt 0:07:52]} 26. Qe4 {[%emt 0:00:09]} Qh4 {[%emt 0:03:05]} 27. Ke1 {[%emt 0:00:19]} Qxf2+ {[%emt 0:02:56]} 28. Kd2 {[%emt 0:00:02]} f3 {[%emt 0:03:49]} 29. Re1 {[%emt 0:04:30]} Nc6 {[%emt 0:02:59]} 30. Rd5 {[%emt 0:04:02]} Qxe2+ {[%emt 0:11:40]} 31. Rxe2 {[%emt 0:00:15]} Rxe2+ {[%emt 0:00:06]} 32. Qxe2 {[%emt 0:00:11]} fxe2 {[%emt 0:00:06]} 33. Rxd8+ {[%emt 0:03:02]} Nxd8 {[%emt 0:00:06]} 34. d5 {[%emt 0:00:33]} Nf7 {[%emt 0:02:48]} 35. Bc3 {[%emt 0:00:32]} a4 {[%emt 0:02:58]} 36. Kxe2 {[%emt 0:00:03]} Kf8 {[%emt 0:00:40]} 37. Ke3 {[%emt 0:00:05]} h5 {[%emt 0:01:21]} 38. Kf4 {[%emt 0:00:18]} g6 {[%emt 0:00:14]} 39. Bb4+ {[%emt 0:00:30]} Ke8 {[%emt 0:00:11]} 40. Bc5 {[%emt 0:00:07]} Kd7 {[%emt 0:00:10]} 41. Bb4 {[%emt 0:00:08]} b6 {[%emt 0:01:28]} 42. Ba3 {[%emt 0:00:08]} g5+ {[%emt 0:01:02]} 43. Kf5 {[%emt 0:00:06]} g4 {[%emt 0:00:08]} 44. Kf4 {[%emt 0:00:05]} Nd6 {[%emt 0:02:27]} 45. Bc1 {[%emt 0:01:27]} Ne8 {[%emt 0:02:49]} 46. Ke5 {[%emt 0:01:32]} h4 {[%emt 0:01:43]} 47. Bg5 {[%emt 0:00:05]} h3 {[%emt 0:00:14]} 48. Bf4 {[%emt 0:00:04]} Nd6 {[%emt 0:01:53]} 49. Bh2 {[%emt 0:00:05]} axb3 {[%emt 0:01:31]} 50. axb3 {[%emt 0:00:05]} b4 {[%emt 0:00:28]} 51. Kf4 {[%emt 0:01:25]} Nb7 {[%emt 0:00:12]} 52. Kxg4 {[%emt 0:00:08]} Nc5 {[%emt 0:00:10]} 53. Kxh3 {[%emt 0:01:17]} Nxb3 {[%emt 0:00:08]} 54. Bg1 {[%emt 0:00:35]} Nc5 {[%emt 0:00:09]} 0-1

[Event "Icelandic Team-ch Premier 2021-22"]
[Site "Reykjavik"]
[Date "2022.03.05"]
[Round "9.18"]
[White "Pakleza, Zbigniew"]
[Black "Stefansson, Hannes"]
[Result "1/2-1/2"]
[WhiteElo "2500"]
[BlackElo "2520"]
[Annotator "ChessBase"]
[PlyCount "25"]
[EventDate "2022.03.05"]
[EventType "team-tourn"]
[EventCountry "ISL"]
[SourceTitle "playchess.com"]
[Source "ChessBase"]
[SourceQuality "1"]
[TimeControl "5400+30"]

1. Nf3 {[%emt 0:00:02]} Nf6 {[%emt 0:00:14]} 2. g3 {[%emt 0:00:18]} d5 {[%emt 0:01:21]} 3. Bg2 {[%emt 0:00:04]} g6 {[%emt 0:01:17]} 4. c4 {[%emt 0:01:24]} c6 {[%emt 0:02:39]} 5. b3 {[%emt 0:00:38]} Bg7 {[%emt 0:00:10]} 6. Bb2 {[%emt 0:00:02]} O-O {[%emt 0:00:10]} 7. O-O {[%emt 0:00:06]} b6 {[%emt 0:00:24]} 8. d4 {[%emt 0:00:56]} Bb7 {[%emt 0:02:08]} 9. Nc3 {[%emt 0:00:12]} Nbd7 {[%emt 0:01:09]} 10. Rc1 {[%emt 0:06:36]} Rc8 {[%emt 0:03:22]} 11. e3 {[%emt 0:04:59]} e6 {[%emt 0:01:05]} 12. Qe2 {[%emt 0:00:50]} Ne4 {[%emt 0:03:09]} 13. Rfd1 {[%emt 0:09:52]} 1/2-1/2

[Event "Icelandic Team-ch Premier 2021-22"]
[Site "Reykjavik"]
[Date "2022.03.05"]
[Round "9.19"]
[White "Nagy, Gabor"]
[Black "Thorfinnsson, Bjorn"]
[Result "1/2-1/2"]
[WhiteElo "2530"]
[BlackElo "2387"]
[Annotator "ChessBase"]
[PlyCount "59"]
[EventDate "2022.03.05"]
[EventType "team-tourn"]
[EventCountry "ISL"]
[SourceTitle "playchess.com"]
[Source "ChessBase"]
[SourceQuality "1"]
[TimeControl "5400+30"]

1. c4 {[%emt 0:00:04]} c6 {[%emt 0:07:01]} 2. Nf3 {[%emt 0:00:37]} d5 {[%emt 0:00:07]} 3. d4 {[%emt 0:00:43]} e6 {[%emt 0:00:22]} 4. e3 {[%emt 0:00:31]} f5 {[%emt 0:00:18]} 5. Bd3 {[%emt 0:01:17]} Nf6 {[%emt 0:00:08]} 6. b3 {[%emt 0:01:28]} Bb4+ {[%emt 0:05:43]} 7. Nbd2 {[%emt 0:00:27]} O-O {[%emt 0:00:08]} 8. O-O {[%emt 0:00:36]} Ne4 {[%emt 0:03:20]} 9. Bb2 {[%emt 0:05:58]} Bd7 {[%emt 0:01:36]} 10. a3 {[%emt 0:01:54]} Bd6 {[%emt 0:02:40]} 11. Ne5 {[%emt 0:04:07]} Be8 {[%emt 0:01:21]} 12. Ndf3 {[%emt 0:06:02]} Bh5 {[%emt 0:00:56]} 13. Be2 {[%emt 0:01:14]} Nd7 {[%emt 0:03:53]} 14. Nxd7 {[%emt 0:06:30]} Bxf3 {[%emt 0:00:45]} 15. Ne5 {[%emt 0:05:34]} Bxe2 {[%emt 0:00:57]} 16. Qxe2 {[%emt 0:00:07]} Qe7 {[%emt 0:02:34]} 17. f3 {[%emt 0:01:54]} Nf6 {[%emt 0:00:11]} 18. a4 {[%emt 0:04:25]} Nd7 {[%emt 0:05:06]} 19. Nxd7 {[%emt 0:02:22]} Qxd7 {[%emt 0:00:05]} 20. e4 {[%emt 0:01:23]} fxe4 {[%emt 0:00:13]} 21. fxe4 {[%emt 0:00:09]} Rxf1+ {[%emt 0:00:05]} 22. Rxf1 {[%emt 0:00:09]} Rf8 {[%emt 0:00:09]} 23. Rxf8+ {[%emt 0:01:29]} Bxf8 {[%emt 0:00:10]} 24. g3 {[%emt 0:02:40]} dxe4 {[%emt 0:03:15]} 25. Qxe4 {[%emt 0:00:21]} Be7 {[%emt 0:01:09]} 26. Bc1 {[%emt 0:02:51]} e5 {[%emt 0:01:46]} 27. Be3 {[%emt 0:02:51]} exd4 {[%emt 0:00:18]} 28. Bxd4 {[%emt 0:00:53]} a6 {[%emt 0:00:21]} 29. Kg2 {[%emt 0:00:13]} Bf8 {[%emt 0:00:20]} 30. h3 {[%emt 0:02:21]} 1/2-1/2

[Event "Icelandic Team-ch Premier 2021-22"]
[Site "Reykjavik"]
[Date "2022.03.05"]
[Round "9.20"]
[White "Gunnarsson, Jon Viktor"]
[Black "Pantzar, Milton"]
[Result "1/2-1/2"]
[WhiteElo "2439"]
[BlackElo "2422"]
[Annotator "ChessBase"]
[PlyCount "113"]
[EventDate "2022.03.05"]
[EventType "team-tourn"]
[EventCountry "ISL"]
[SourceTitle "playchess.com"]
[Source "ChessBase"]
[SourceQuality "1"]
[TimeControl "5400+30"]

1. d4 {[%emt 0:00:02]} d5 {[%emt 0:00:22]} 2. Nc3 {[%emt 0:00:11]} Nf6 {[%emt 0:00:40]} 3. Bf4 {[%emt 0:00:12]} e6 {[%emt 0:03:05]} 4. e3 {[%emt 0:02:29]} Bb4 {[%emt 0:00:50]} 5. Nge2 {[%emt 0:04:22]} O-O {[%emt 0:04:15]} 6. a3 {[%emt 0:06:31]} Bd6 {[%emt 0:01:09]} 7. h3 {[%emt 0:02:00]} c5 {[%emt 0:03:25]} 8. dxc5 {[%emt 0:04:39]} Bxc5 {[%emt 0:01:23]} 9. Nd4 {[%emt 0:02:49]} Nc6 {[%emt 0:06:30]} 10. Be2 {[%emt 0:09:30]} Re8 {[%emt 0:08:38]} 11. Nb3 {[%emt 0:07:57]} Bf8 {[%emt 0:06:27]} 12. O-O {[%emt 0:03:04]} h6 {[%emt 0:01:42]} 13. Bf3 {[%emt 0:03:48]} e5 {[%emt 0:03:03]} 14. Bg3 {[%emt 0:01:10]} Be6 {[%emt 0:00:21]} 15. Qd2 {[%emt 0:03:18]} Qd7 {[%emt 0:04:46]} 16. Rad1 {[%emt 0:01:47]} Rad8 {[%emt 0:00:50]} 17. Na4 {[%emt 0:03:29]} b6 {[%emt 0:00:53]} 18. Nc3 {[%emt 0:01:55]} a6 {[%emt 0:05:03]} 19. Rfe1 {[%emt 0:01:43]} Qa7 {[%emt 0:08:48]} 20. Na2 {[%emt 0:02:16]} Ne4 {[%emt 0:02:56]} 21. Bxe4 {[%emt 0:00:53]} dxe4 {[%emt 0:00:07]} 22. Qe2 {[%emt 0:00:20]} f5 {[%emt 0:07:38]} 23. Rxd8 {[%emt 0:01:23]} Rxd8 {[%emt 0:00:11]} 24. Rd1 {[%emt 0:00:12]} Rxd1+ {[%emt 0:04:38]} 25. Qxd1 {[%emt 0:00:04]} g5 {[%emt 0:00:20]} 26. Nc3 {[%emt 0:01:15]} Qf7 {[%emt 0:02:36]} 27. Bh2 {[%emt 0:00:48]} h5 {[%emt 0:03:33]} 28. f3 {[%emt 0:04:29]} exf3 {[%emt 0:01:48]} 29. Qxf3 {[%emt 0:00:04]} Bd7 {[%emt 0:03:05]} 30. Qd5 {[%emt 0:01:30]} h4 {[%emt 0:02:06]} 31. e4 {[%emt 0:02:35]} f4 {[%emt 0:01:33]} 32. Kf1 {[%emt 0:00:59]} f3 {[%emt 0:04:59]} 33. Nd2 {[%emt 0:06:27]} fxg2+ {[%emt 0:02:32]} 34. Kxg2 {[%emt 0:00:08]} Bc5 {[%emt 0:01:22]} 35. Qxf7+ {[%emt 0:01:16]} Kxf7 {[%emt 0:00:01]} 36. Nf3 {[%emt 0:00:07]} Be7 {[%emt 0:04:43]} 37. Nd5 {[%emt 0:00:57]} Bd8 {[%emt 0:00:08]} 38. Nb4 {[%emt 0:02:34]} Bf6 {[%emt 0:01:19]} 39. Nxa6 {[%emt 0:00:48]} g4 {[%emt 0:01:14]} 40. hxg4 {[%emt 0:00:08]} Bxg4 {[%emt 0:00:04]} 41. Nb4 {[%emt 0:00:26]} Nxb4 {[%emt 0:00:11]} 42. axb4 {[%emt 0:00:03]} Ke6 {[%emt 0:00:06]} 43. c4 {[%emt 0:00:41]} Bh5 {[%emt 0:00:46]} 44. Kf2 {[%emt 0:01:49]} h3 {[%emt 0:01:38]} 45. c5 {[%emt 0:00:39]} b5 {[%emt 0:00:36]} 46. c6 {[%emt 0:01:27]} Bxf3 {[%emt 0:00:27]} 47. Kxf3 {[%emt 0:00:04]} Kd6 {[%emt 0:00:08]} 48. Kg4 {[%emt 0:00:10]} Kxc6 {[%emt 0:00:08]} 49. Kxh3 {[%emt 0:00:31]} Kd7 {[%emt 0:00:13]} 50. Kg4 {[%emt 0:00:33]} Ke6 {[%emt 0:00:09]} 51. Bg1 {[%emt 0:00:42]} Be7 {[%emt 0:01:26]} 52. Bc5 {[%emt 0:00:13]} Bd8 {[%emt 0:00:13]} 53. Kh5 {[%emt 0:00:49]} Kf7 {[%emt 0:00:42]} 54. b3 {[%emt 0:00:51]} Kf6 {[%emt 0:00:53]} 55. Bf2 {[%emt 0:02:39]} Kf7 {[%emt 0:00:07]} 56. Bc5 {[%emt 0:08:23]} Kf6 {[%emt 0:00:09]} 57. Kg4 {[%emt 0:00:52]} 1/2-1/2